[Event "LSS RE-2010-0-00037"]
[Site "LSS email"]
[Date "2010.03.10"]
[Round "?"]
[White "Stadler, Pavel"]
[Black "Nelson, Anthony E"]
[Result "1-0"]
[WhiteElo "1292"]
[BlackElo "1176"]
[PlyCount "43"]
[EventDate "2010.01.03"]
[EventType "tourn (corr)"]
[EventRounds "6"]
[EventCountry "GER"]
[SourceTitle "Corr 2013"]
[Source "ChessBase"]
[SourceDate "2012.11.12"]
[SourceVersion "1"]
[SourceVersionDate "2012.11.12"]
[SourceQuality "1"]

1. e4 e5 2. Nf3 Nf6 3. d4 Nd5 4. exd5 e4 5. Nfd2 f5 6. Be2 Be7 7. 0-0 0-0 8. c4 d6 9. Nb3 g6 10. Nc3 Re8 11. f3 Nd7 12. fxe4 Bg5 13. exf5 gxf5 14. Rxf5 Rf8 15. Rxg5+ Kh8 16. Rg3 Qe7 17. Bg5 Nf6 18. Bd3 Ne4 19. Bxe7 Rf6 20. Bxf6+ Nxf6 21. Qf3 Bf5 22. Qxf5 1-0

[Event "IECC O-2986"]
[Site "IECC email"]
[Date "2009.07.02"]
[Round "?"]
[White "Von Rosenberg, Clemens"]
[Black "Nelson, Anthony E"]
[Result "0-1"]
[WhiteElo "1991"]
[BlackElo "1316"]
[PlyCount "50"]
[EventDate "2009.??.??"]
[EventType "swiss (corr)"]
[EventRounds "2"]
[SourceTitle "Telechess CBM 137"]
[Source "ChessBase"]
[SourceDate "2010.07.15"]
[SourceVersion "1"]
[SourceVersionDate "2010.07.15"]
[SourceQuality "1"]
[WhiteTeam "Germany"]
[BlackTeam "US of America"]
[WhiteTeamCountry "GER"]
[BlackTeamCountry "USA"]

1. e4 e5 2. Nf3 Nc6 3. Bc4 Bc5 4. b4 Bxb4 5. c3 Bc5 6. 0-0 d6 7. d4 exd4 8. cxd4 Bb6 9. Nc3 Bg4 10. Bb5 Bxf3 11. gxf3 Kf8 12. Be3 Qh4 13. Nd5 Nge7 14. Bxc6 Nxc6 15. Kh1 Ne7 16. Nxb6 axb6 17. Rg1 d5 18. Bg5 Qh5 19. Bxe7+ Kxe7 20. Rxg7 dxe4 21. fxe4 Qxd1+ 22. Rxd1 Rxa2 23. Rc1 c6 24. d5 Kf6 25. Rg3 Rxf2 0-1

[Event "IECC O-2865"]
[Site "IECC email"]
[Date "2008.11.16"]
[Round "?"]
[White "Nelson, Anthony E"]
[Black "Blee, Dean"]
[Result "0-1"]
[WhiteElo "1331"]
[BlackElo "1542"]
[PlyCount "70"]
[EventDate "2008.??.??"]
[EventType "swiss (corr)"]
[EventRounds "2"]
[SourceTitle "Corr 2011"]
[Source "ChessBase"]
[SourceDate "2010.08.31"]
[SourceVersion "1"]
[SourceVersionDate "2010.08.31"]
[SourceQuality "1"]
[WhiteTeam "US of America"]
[BlackTeam "England"]
[WhiteTeamCountry "USA"]
[BlackTeamCountry "ENG"]

1. e4 c5 2. Nf3 d6 3. d4 cxd4 4. Nxd4 Nf6 5. Nc3 a6 6. Bc4 e6 7. 0-0 Be7 8. Qf3 0-0 9. Rd1 Qb6 10. a4 Nc6 11. Nxc6 bxc6 12. h3 d5 13. Bd3 Bd6 14. Re1 Qc7 15. Be3 Rb8 16. Rab1 Bb7 17. exd5 cxd5 18. Qe2 Qc6 19. f3 e5 20. Bg5 Rfe8 21. Bf5 g6 22. Bd3 Bc5+ 23. Kh1 e4 24. fxe4 dxe4 25. Bc4 Nh5 26. Qg4 Bf2 27. Bxf7+ Kxf7 28. Rf1 e3 29. Bxe3 Rxe3 30. Rxf2+ Kg8 31. Qh4 Rbe8 32. Kh2 Rg3 33. Qxg3 Nxg3 34. Nd1 Qd6 35. Ne3 Ne2+ 0-1

[Event "IECC CL6-2008.05 email"]
[Site "IECC email"]
[Date "2008.07.09"]
[Round "?"]
[White "Ghikas, Athanassios"]
[Black "Nelson, Anthony E"]
[Result "0-1"]
[WhiteElo "1250"]
[BlackElo "1288"]
[PlyCount "56"]
[EventDate "2008.??.??"]
[EventType "tourn (corr)"]
[EventRounds "4"]
[SourceTitle "Corr 2013"]
[Source "ChessBase"]
[SourceDate "2012.11.12"]
[SourceVersion "1"]
[SourceVersionDate "2012.11.12"]
[SourceQuality "1"]
[WhiteTeam "Greece"]
[BlackTeam "Brazil"]
[WhiteTeamCountry "GRE"]
[BlackTeamCountry "BRA"]

1. d4 Nf6 2. Bg5 d5 3. Nc3 h6 4. Bh4 e6 5. a3 c5 6. Nf3 g5 7. Bg3 Ne4 8. Bxb8 Nxc3 9. bxc3 Rxb8 10. e3 Qa5 11. Kd2 cxd4 12. Nxd4 Bd7 13. Nb3 Qc7 14. Qb1 Bc6 15. a4 a6 16. Nd4 Bd7 17. Be2 Be7 18. g3 e5 19. Nf3 0-0 20. h4 Rfc8 21. Qb2 g4 22. Nh2 h5 23. f3 b5 24. fxg4 bxa4 25. Qc1 Qxc3+ 26. Kd1 Rb2 27. Nf3 Rxc2 28. Qb1 Bb4 0-1

[Event "IECC O-2649"]
[Site "IECC email"]
[Date "2007.09.06"]
[Round "?"]
[White "Nelson, Anthony E"]
[Black "Pfaltzgraff Carlson, David"]
[Result "1-0"]
[WhiteElo "1150"]
[BlackElo "1285"]
[PlyCount "41"]
[EventDate "2007.??.??"]
[EventType "swiss (corr)"]
[EventRounds "2"]
[SourceTitle "Corr 2011"]
[Source "ChessBase"]
[SourceDate "2010.08.31"]
[SourceVersion "1"]
[SourceVersionDate "2010.08.31"]
[SourceQuality "1"]
[WhiteTeam "US of America"]
[BlackTeam "South Africa"]
[WhiteTeamCountry "USA"]
[BlackTeamCountry "RSA"]

1. Nf3 Nf6 2. Nc3 g6 3. e4 Bg7 4. e5 Ng4 5. d4 c5 6. Bb5 cxd4 7. Qxd4 Nh6 8. 0-0 0-0 9. Qa4 Nc6 10. Nd5 Nxe5 11. Nxe5 Bxe5 12. Bxh6 Re8 13. Rae1 f6 14. Rxe5 e6 15. Qf4 fxe5 16. Qxe5 Re7 17. Nf6+ Kh8 18. Nxd7+ Kg8 19. Nf6+ Kh8 20. Ne8+ Kg8 21. Qf6 1-0